1597 1381 1061 1333 1597 1353 1474 1629 1652 1607 1415 1968 1292 1191 1435 1494 1484 1070 1026 1150 1322 1411 1157 1342 1634 1326 1271 1934 1301 1400 1961 1768 1770 1991 1240 1419 1645 1358 1870 1612 1649 1552 1231 1483 1611 1268 1777 1016 1874 1342 1148 1677 1590 1595 1736 1964 1144 1305 1000 1908 1671 1183 1210 1994 1207 1198 1096 1147 1910 1146 1950 1029 1626 1469 1121 1238 1552 1239 1621 1847 1568 1182 1919 1351 1073 1472 1608 1117 1835 1861 1964 1749 1520 1277 1220 1969 1168 1453 1482 BCNSPRNW ULIB Ver.6.0+V

เปลี่ยนเป็นภาษาไทย

Change to English
 แสดงรายละเอียดบรรณานุกรม
  กลับหน้าหลัก

Brief Record : Get Marc (ISO 2709) : E-mail record : QR code < ปิดหน้าต่าง
LEADER : 00000nam 2200000uu 4500
001    13399107753
003     ULIB
008    110202s2553||||th 000 0 tha d
020    9789741028047(ล.1)
060  4 WY18.2^bค127ค ล.1 2553
245 00 คู่มือการสอบใบอนุญาตประกอบวิชาชีพการพยาบาล เล่ม 1 ทบทวนสาระและตัวอย่างข้อสอบ =^bNCLEX-RN Review 5th edition 2005/^cบรรณาธิการ ประกาย จิโรจน์กุล และคณะ,ผู้แปล คณะอาจารย์วิทยาลัยพยาบาลบรมราชชนนี กรุงเทพฯ
246 0  NCLEX-RN Review 5th edition 2005
250    พิมพ์ครั้งที่ 2
260    กรุงเทพฯ:^bเซ็นเกจ เลินนิ่ง(ประเทศไทย) จำกัด,^c2553
300    484 หน้า
650  7 การพยาบาล--ตัวอย่างข้อสอบ
650  7 การสอบใบอนุญาตประกอบวิชาชีพการพยาบาล
700 0  คณะอาจารย์วิทยาลัยพยาบาลบรมราชชนนี กรุงเทพฯ,^eผู้แปล
700 0  ประกาย จิโรจน์กุล และคณะ,^eบรรณาธิการ
710 2  กระทรวงสาธารณสุข ^bสถาบันพระบรมราชนก^bวิทยาลัยพยาบาลบรมราชชนนี
945    ^p395^l0^i029542
945    ^p395^l0^i029541
945    ^p395^l0^i029540
945    ^p395^l0^i029543
995    ทศพร
999 ^a ใช้งานได้ทุกระบบ
รายการนี้ยังไม่มีแท็ก
คุณยังไม่ได้ล็อกอิน คุณสามารถมีกิจกรรมร่วมกับเว็บไซต์ได้ แต่ต้องล็อกอินก่อน ::
  ล็อกอิน

รายการสื่อสารสนเทศ

ลำดับที่ ประเภท เลขเรียก/บาร์โค้ด สถานที่ สถานะ
- ไม่พบข้อมูล -

รายการใกล้เคียง
    หัวเรื่อง [การพยาบาล--ตัวอย่างข้อสอบ]
    หัวเรื่อง [การสอบใบอนุญาตประกอบวิชาชีพการพยาบาล]

BibComment


ยังไม่เคยถูกคอมเมนท์

คอมเมนท์ทรัพยากรรายการนี้
  คอมเมนท์: คู่มือการสอบใบอนุ..


 Copyright 2026. Bcnsprnw @Library